000
00320nam a22001457a 4500
008
210514b ||||| |||| 00| 0 eng d
020
_a
9780134849089
041
_a
eng
080
_a
33
082
_a
33
100
_a
53
101
_a
BIZ
245
_a
Information Technology in Business
_c
Senn,J.A
942
_2
udc
_c
BK
999
_c
57324
_d
57324